000 01208 a2200205 4500
001 59487
005 20260407155849.0
008 260407a1966 arg spa d
003 AR-UNSa-BCEJYS
040 _aAR-UNSa-BCEJYS
_bspa
_cAR-UNSa-BCEJYS
080 _a330.834
_xKeynes y el keynesianismo. Neokeynesianismo. Poskeynesianismo
245 1 0 _aLa teoría Keynesiana del desarrollo económico
264 1 _aMadrid :
_bAguilar
_c1966
300 _a213 p.
_c22 cm.
505 _a1. Precursores clásicos y posclásicos - 2. Estructura de una economía subdesarrollada - 3. La tasa de desarrollo óptima desde el punto de vista social - 4. Acumulación de capital y capacidad productiva - 5. El factor técnico en el desarrollo económico - 6. El paro dual en las economías subdesarrolladas - 7. La función redistributiva en el desarrrollo económico - 8. El elemento monetario en el desarrollo económico - 9. La función fiscal en el desarrollo económico - 10. Comercio exterior y desarrollo económico - 11. Epílogo sobre las teorías Poskeynesianas del desarrollo
942 _cBK
590 _aniveau_biblio:m niveau_hierar:0
100 1 _aKurihara, Kenneth k.
700 1 _aGarcía Gallardo, Manuel
999 _c6703
_d6703